00578nam a2200241Ia 450000500170000000800460001702000180006303700100008104000080009104000080009904000080010704100080011504100080012308400080013110000180013924500460015724500350020326000230023826000090026136500050027036500080027585600530028320260324132045.0008 260324s9999 xx 000 0 eng d a9780203963852 aEBOOK aCRL beng cCRL 2eng aeng qCRL aDavid Higgins 0aRomantic Genius and the Literary Magazine 0bBiography, Celebrity, Politics bTaylor and Francis c2005 a b230 uhttp://www.taylorfrancis.com/books/9780203963852